| 000 | 00525nam a2200181Ia 4500 | ||
|---|---|---|---|
| 008 | 191130s1775##################000#0#eng## | ||
| 020 | _a406000204 | ||
| 040 |
_aACL _cACL |
||
| 082 | _a348.4204 BRI | ||
| 245 |
_aThe all England law reports reprint 1932 _cedited by G.F.L. Bridgman |
||
| 260 |
_aLondon _bButterworth & Co _c1775-1802 |
||
| 300 | _a642 p.; 23 cm. | ||
| 650 | _aLaw- Reports | ||
| 700 | _aBridgman, G. F. L | ||
| 990 | _a02e74c22ac10000c1d03141fc97d7be6 | ||
| 991 | _a388897 | ||
| 999 |
_c300852 _d300852 |
||